000 00777nam a2200229Ia 4500
999 _c29930
_d29930
003 GCL
005 20240530102119.0
008 140319s9999 xx 000 0 ara d
040 _aGCL /
_cGCL
082 0 4 _a327.09042
_bك ع
100 1 _aكار ، إ. هـ.
245 1 2 _aالعلاقات الدولية منذ معاهدات الصلح (1939-1919) /
_cإ. هـ. كار ؛ ترجمة سمير شيخانى
260 _a[S.N] :
_bدار الجيل ،
_c1992
300 _a287 ص
650 0 4 _aالسياسة الدولية
650 0 4 _aالمعاهدات
650 0 4 _aالتاريخ الدبلوماسى
650 0 4 _aالتعهدات الدولية
650 0 4 _aاوربا
650 0 4 _aالحرب العالمية الاولى 1914- 1918
942 _2ddc
_cBK